Electrical properties of materials /

Gespeichert in:
Bibliographische Detailangaben
Hauptverfasser: Solymar, L (Verfasst von), Walsh, D (Verfasst von), Syms, R.R.A (Verfasst von)
Format: Buch
Sprache:Englisch
Veröffentlicht: Oxford University Press 2019
Ausgabe:10. vyd.
Schlagworte:
Tags: Tag hinzufügen
Keine Tags, Fügen Sie das erste Tag hinzu!

MARC

LEADER 00000nam a22000003a 4500
001 0085421
003 SK-STU
005 20201214130322.9
007 ta
008 201214s ----xo-----e------000-0-----d
020 |a 978-0-19-882995-9 
040 |a STU  |b slo 
041 0 |a eng 
044 |a xxk 
100 1 |a Solymar, L  |4 aut 
245 1 0 |a Electrical properties of materials /  |c aut. L Solymar, D Walsh, R.R.A Syms 
250 |a 10. vyd. 
260 |a Oxford  |b University Press  |c 2019 
300 |a 494 s. 
650 0 7 |a pevné látky 
700 1 |a Walsh, D  |4 aut 
700 1 |a Syms, R.R.A.  |4 aut 
996 |b 284M088535  |c M* 14428-1  |l MMST  |s A  |a 24  |w 0085421_0001